Geschichte des deutschen Patentrechts /

Saved in:
Bibliographic Details
Other Authors: Otto, Martin, 1974- (Editor), Klippel, Diethelm, (Editor)
Format: Book
Language:German
Published: Tübingen : Mohr Siebeck, [2015]
Series:Geistiges Eigentum und Wettbewerbsrecht ; 102.
Subjects:
Tags: Add Tag
No Tags, Be the first to tag this record!
LEADER 02441cam a2200421Ii 4500
001 014334802-7
005 20160928152038.0
008 150313t20152015gw b 100 0 ger d
016 7 |a 1058982524  |2 GyFmDB 
020 |a 9783161535628  |q (paperback) 
020 |a 3161535626  |q (paperback) 
024 3 |a 9783161535628 
035 0 |a ocn904950990 
040 |a OHX  |b eng  |e rda  |c OHX  |d OCLCO  |d GWL  |d BTCTA  |d YDXCP  |d OCLCQ  |d OCLCF 
043 |a e-gx--- 
050 4 |a KK2725.8  |b .G47 2015 
072 7 |a K  |2 lcco 
245 0 0 |a Geschichte des deutschen Patentrechts /  |c herausgegeben von Martin Otto und Diethelm Klippel. 
264 1 |a Tübingen :  |b Mohr Siebeck,  |c [2015] 
264 4 |c ©2015 
300 |a viii, 313 pages ;  |c 24 cm. 
336 |a text  |b txt  |2 rdacontent 
337 |a unmediated  |b n  |2 rdamedia 
338 |a volume  |b nc  |2 rdacarrier 
490 1 |a Geistiges Eigentum und Wettbewerbsrecht,  |x 1860-7306 ;  |v 102 
500 |a Conference proceedings. 
505 0 0 |t Perspektiven der Patentrechtsgeschichte /  |r Martin Otto --  |t Erfinderprivilegien und frühe Patentgesetze /  |r Barbara Dölemeyer --  |t Patentrecht als "Reaktionsbeschleuniger" : die Entwicklung des Patentrechts im zweiten deutschen Kaiserreich (1871-1914) /  |r Margrit Seckelmann --  |t Wechselwirkungen zwischen internationalen Vereinbarungen zum Patentrecht und deutschem Patentrecht zwischen 1870 und 1980 /  |r Martin Löhnig --  |t Patentrecht im Ersten und Zweiten Weltkrieg /  |r Florian Mächtel --  |t Patent als Waffe im Wirtschaftskampf : Patentrecht und Kartellrecht in der Weimarer Republik /  |r Louis Pahlow --  |t Patentrechtsreform von 1936 129 Ralf Uhrich Die Geschichte des Stoffschutzverbots im deutschen Patentrecht (1877-1968) /  |r Alexander K. Schmidt --  |t Schutzwürdigkeit von Erfindungen von 1877 bis heute 207 Matthias Wiessner Das Patentrecht der DDR /  |r Rebekka Übler --  |t Geschichte des Patentrechts der Bundesrepublik Deutschland und seine Vorgeschichte unter alliierter Verwaltung /  |r Martin Otto. 
650 0 |a Patent laws and legislation  |z Germany  |x History  |v Congresses. 
650 7 |a Patent laws and legislation.  |2 fast 
651 7 |a Germany.  |2 fast 
655 7 |a Conference papers and proceedings.  |2 lcgft 
655 7 |a Conference papers and proceedings.  |2 fast 
655 7 |a History.  |2 fast 
700 1 |a Otto, Martin,  |d 1974-  |e editor. 
700 1 |a Klippel, Diethelm,  |e editor. 
830 0 |a Geistiges Eigentum und Wettbewerbsrecht ;  |v 102. 
988 |a 20150328 
906 |0 OCLC